[Event "Shakhty KVU op"]
[Site "Shakhty"]
[Date "2015.02.18"]
[Round "6"]
[White "Prudnikov, Yuri"]
[Black "Spidchenko, Valeriy"]
[Result "1/2-1/2"]
[WhiteElo "1856"]
[BlackElo "2047"]
[PlyCount "121"]
[EventDate "2015.02.14"]
[EventType "swiss"]
[EventRounds "9"]
[EventCountry "RUS"]
[SourceTitle "CBM 165 Extra"]
[Source "ChessBase"]
[SourceDate "2015.04.21"]
[SourceVersion "1"]
[SourceVersionDate "2015.04.21"]
[SourceQuality "1"]

1. d4 Nf6 2. c4 e6 3. Nf3 b6 4. Bf4 Bb7 5. e3 Be7 6. Be2 Nh5 7. Be5 d6 8. Bg3 Nxg3 9. hxg3 Nd7 10. Nc3 Nf6 11. Bd3 h6 12. e4 c5 13. d5 0-0 14. Nh4 exd5 15. cxd5 Re8 16. Qd2 Nxd5 17. Bb5 Nxc3 18. Bxe8 Nxe4 19. Bxf7+ Kxf7 20. Qf4+ Kg8 21. Qg4 Bxh4 22. Rxh4 Qf6 23. Qe2 g5 24. Rxe4 Bxe4 25. Qxe4 Rf8 26. Qd5+ Kg7 27. 0-0-0 Qxf2 28. Qxd6 Qe3+ 29. Kb1 Qe4+ 30. Kc1 Rf2 31. Qd7+ Rf7 32. Qd2 Qc4+ 33. Kb1 Rf1 34. Qd7+ Qf7 35. Kc2 Qxd7 36. Rxd7+ Rf7 37. Rd2 Kg6 38. Kc3 b5 39. Rd5 Rc7 40. g4 Rc6 41. b3 Kf6 42. Rf5+ Ke6 43. g3 Kd6 44. Rf7 a6 45. a3 Kd5 46. Rf3 Re6 47. Kd3 Kc6 48. Rf5 Kb6 49. Rd5 a5 50. Rd8 c4+ 51. bxc4 bxc4+ 52. Kxc4 Re4+ 53. Rd4 Re3 54. a4 Ra3 55. Kd5 Rxg3 56. Ke5 Kc5 57. Rd5+ Kb4 58. Rd4+ Kc3 59. Rd5 Rxg4 60. Rxa5 Kb3 61. Ra6 1/2-1/2